[Event "Let's Play Chess!"]
[Site "http://www.queenalice.com/game.php?id=1184344"]
[Date "2013.5.25"]
[Round "-"]
[White "charles31"]
[Black "GB1992"]
[Result "0-1"]
[WhiteElo "1784"]
[BlackElo "2043"]

1. e4 c5 2. Nc3 d6 3. Nf3 a6 4. h3 Nc6 5. a3 b5 6. d3 Bb7 7. Be3 Nf6 8. Be2 e6
9. g4 Be7 10. Ng1 O-O 11. g5 Ne8 12. h4 d5 13. exd5 exd5 14. Na2 Qc7 15. Qd2 Bd6
16. Nh3 d4 17. Bf4 Nb4 18. Bxd6 Nxd6 19. axb4 Bxh1 20. f3 Nf5 21. O-O-O Qh2 22.
Qf4 Qxh3 0-1

[Event "Let's Play Chess!"]
[Site "http://www.queenalice.com/game.php?id=1184345"]
[Date "2013.5.25"]
[Round "-"]
[White "GB1992"]
[Black "charles31"]
[Result "1-0"]
[WhiteElo "2019"]
[BlackElo "1784"]

1. d4 d5 2. c4 dxc4 3. e4 b5 4. Nc3 c6 5. Nf3 Bg4 6. Be2 e6 7. O-O h6 8. Be3 Bd6
9. a4 Qd7 10. d5 b4 11. dxc6 Nxc6 12. Nb5 Bxf3 13. Bxf3 Rd8 14. Qc2 Ne5 15. Be2
a6 16. Nxd6+ Qxd6 17. Bxc4 Rc8 18. Bb5+ axb5 19. Qxc8+ Qd8 20. Qxd8+ Kxd8 21.
axb5 Ne7 22. Ra8+ Nc8 23. b6 1-0

[Event "Let's Play Chess!"]
[Site "http://www.queenalice.com/game.php?id=1193315"]
[Date "2013.6.22"]
[Round "-"]
[White "charles31"]
[Black "GB1992"]
[Result "0-1"]
[WhiteElo "1859"]
[BlackElo "2080"]

1. e4 c5 2. Nc3 Nc6 3. a3 Nf6 4. Nf3 d6 5. Bc4 Bg4 6. h3 Bh5 7. d3 e6 8. Be3 Be7
9. g4 Bg6 10. d4 Nxe4 11. Nxe4 Bxe4 12. dxc5 dxc5 13. Qxd8+ Rxd8 14. Rd1 Rxd1+
15. Kxd1 Bxf3+ 16. Kd2 Bxh1 0-1

[Event "Let's Play Chess!"]
[Site "http://www.queenalice.com/game.php?id=1193316"]
[Date "2013.6.22"]
[Round "-"]
[White "GB1992"]
[Black "charles31"]
[Result "1-0"]
[WhiteElo "2060"]
[BlackElo "1857"]

1. e4 e5 2. Nf3 d6 3. Bc4 h6 4. d4 exd4 5. Nxd4 Nf6 6. Nc3 a6 7. O-O g5 8. f4 g4
9. e5 dxe5 10. fxe5 Bc5 11. Be3 Bxd4 12. Bxd4 Nbd7 13. exf6 b5 14. Bd5 1-0

[Event "Let's Play Chess!"]
[Site "http://www.queenalice.com/game.php?id=1197639"]
[Date "2013.7.7"]
[Round "-"]
[White "Ysolde"]
[Black "GB1992"]
[Result "0-1"]
[WhiteElo "1653"]
[BlackElo "2096"]

1. d4 d5 2. Nc3 Nf6 3. Bg5 e6 4. Nf3 Be7 5. e3 O-O 6. Ne5 a6 7. Bd3 Nbd7 8. Nxd7
Bxd7 9. Bxf6 Bxf6 10. h4 Qe7 11. h5 c5 12. h6 g6 13. Qg4 cxd4 14. exd4 Qb4 15.
O-O-O Qxd4 16. Qf3 Qe5 17. Bc4 Bc6 18. Bd3 d4 19. Qg4 dxc3 20. b3 Qa5 21. a4
Rfd8 22. Qf4 Bg5 0-1

[Event "Let's Play Chess!"]
[Site "http://www.queenalice.com/game.php?id=1197642"]
[Date "2013.7.7"]
[Round "-"]
[White "GB1992"]
[Black "Ysolde"]
[Result "1-0"]
[WhiteElo "2096"]
[BlackElo "1594"]

1. d4 d5 2. c4 Nf6 3. cxd5 Qxd5 4. Nc3 Qa5 5. Nf3 Bf5 6. Qb3 Qa6 7. e4 Qe6 8. d5
Nxd5 9. Qxd5 Bg4 10. Qxb7 Qc6 11. Bb5 1-0

[Event "Let's Play Chess!"]
[Site "http://www.queenalice.com/game.php?id=1199755"]
[Date "2013.7.14"]
[Round "-"]
[White "charles31"]
[Black "GB1992"]
[Result "0-1"]
[WhiteElo "1870"]
[BlackElo "2096"]

1. Nc3 e5 2. e4 Nf6 3. a3 Bc5 4. Nf3 d6 5. h3 O-O 6. Bc4 Nc6 7. d3 h6 8. g4 a6
9. Ng1 b5 10. Ba2 Nd4 11. f4 exf4 12. Bxf4 Qe7 13. Nge2 Nf3+ 14. Kf1 Bb7 15. Ng3
Nd4 16. g5 hxg5 17. Bxg5 Qe5 18. Bh4 Qf4+ 19. Kg2 Qxh4 20. Nce2 d5 21. c3 Nxe2
22. Qxe2 dxe4 23. dxe4 Nxe4 24. Nxe4 Bxe4+ 25. Kf1 Bxh1 0-1

[Event "Let's Play Chess!"]
[Site "http://www.queenalice.com/game.php?id=1199756"]
[Date "2013.7.14"]
[Round "-"]
[White "GB1992"]
[Black "charles31"]
[Result "1-0"]
[WhiteElo "2109"]
[BlackElo "1851"]

1. d4 d5 2. c4 dxc4 3. e4 b5 4. Nc3 c6 5. Nf3 e6 6. Be2 h6 7. O-O Nf6 8. Bf4
Nbd7 9. a4 Bb4 10. Qc2 Bxc3 11. bxc3 Bb7 12. Bd6 a6 13. a5 Nh5 14. g3 c5 15.
dxc5 Bc6 16. Nd4 Qc8 17. Bxh5 Nf6 18. Bf3 g5 19. Qe2 h5 20. e5 Bxf3 21. Qxf3 Nd5
22. Ne2 Qd8 23. Qe4 Kd7 24. Rfd1 Kc6 25. Rxd5 f5 26. Nd4+ Kb7 27. Nxf5 exf5 28.
Qxf5 Rf8 29. Qh7+ Kc8 30. Bb8 Rxb8 31. Rxd8+ Rxd8 32. e6 Re8 33. Qd7# 1-0

[Event "AUTO-OPEN-2985"]
[Site "http://www.queenalice.com/game.php?id=1210729"]
[Date "2013.8.23"]
[Round "2"]
[White "GB1992"]
[Black "Degoba"]
[Result "1-0"]
[WhiteElo "2123"]
[BlackElo "2085"]

1. e4 e5 2. Nf3 Nf6 3. Nxe5 d6 4. Nf3 Nxe4 5. d4 d5 6. Bd3 Nc6 7. O-O Bg4 8. c4
Be7 9. Nc3 Nxc3 10. bxc3 dxc4 11. Bxc4 O-O 12. Re1 Bf6 13. Bf4 Na5 14. Bb5 c6
15. Be2 Re8 16. Qc2 Qd7 17. Qa4 b6 18. Rad1 Qd5 19. c4 Qh5 20. h3 Rxe2 21. Rxe2
1-0

[Event "AUTO-OPEN-2985"]
[Site "http://www.queenalice.com/game.php?id=1210730"]
[Date "2013.8.23"]
[Round "2"]
[White "Degoba"]
[Black "GB1992"]
[Result "0-1"]
[WhiteElo "2085"]
[BlackElo "2139"]

1. e4 c5 2. Nf3 d6 3. Bb5+ Bd7 4. Bxd7+ Qxd7 5. d4 cxd4 6. Nxd4 Nf6 7. Nc3 Nc6
8. O-O e6 9. Kh1 Be7 10. f4 O-O 11. Nxc6 Qxc6 12. e5 dxe5 13. fxe5 Rfd8 14. Qe1
Nd7 15. Qg3 Qc7 16. Bh6 Qxe5 17. Bf4 Qh5 18. Rad1 Nf6 0-1

[Event "Let's Play Chess!"]
[Site "http://www.queenalice.com/game.php?id=1225676"]
[Date "2013.10.19"]
[Round "-"]
[White "GB1992"]
[Black "Andrei_78"]
[Result "1-0"]
[WhiteElo "2154"]
[BlackElo "1685"]

1. d4 d5 2. c4 dxc4 3. Nc3 a6 4. e3 c6 5. Bxc4 e6 6. Nf3 Bb4 7. O-O h6 8. Bd2
Nf6 9. Qb3 Bxc3 10. Bxc3 O-O 11. a4 Nbd7 12. a5 Ne4 13. Bb4 Re8 14. Bd3 Ndf6 15.
Qc2 Nd6 16. Ne5 Nd5 17. Bc5 Kf8 18. Nc4 Kg8 19. Nxd6 Bd7 20. Bh7+ Kf8 21. Nxb7+
Ne7 22. Nxd8 Raxd8 23. Bd3 Bc8 24. Bxe7+ Rxe7 25. Qxc6 Bb7 26. Qb6 Rd5 27. Bxa6
Ba8 28. Rfc1 Kg8 29. Rc8+ Kh7 30. Rxa8 Kg6 31. Bd3+ Kf6 32. e4 Rg5 33. e5+ Rxe5
34. dxe5+ Kxe5 35. Re1+ Kf6 36. Qd4+ e5 37. Ra6+ Re6 38. Qd8# 1-0

[Event "ChessLnd01"]
[Site "http://www.queenalice.com/game.php?id=1229453"]
[Date "2013.11.2"]
[Round "-"]
[White "GB1992"]
[Black "pjbrito"]
[Result "1-0"]
[WhiteElo "2123"]
[BlackElo "1506"]

1. e4 c5 2. Nf3 Nc6 3. Bb5 d6 4. O-O e5 5. h3 Nf6 6. Qe2 Bd7 7. d3 Qa5 8. Bc4 b5
9. Bd2 Qa6 10. Bb3 Na5 11. Bxa5 Qxa5 12. Ng5 Be6 13. Nxe6 fxe6 14. Bxe6 Ke7 15.
Bb3 Nxe4 16. Qxe4 Rc8 17. Nc3 c4 18. dxc4 bxc4 19. Bxc4 Qb4 20. Nd5+ 1-0

[Event "ChessLnd02"]
[Site "http://www.queenalice.com/game.php?id=1229454"]
[Date "2013.11.2"]
[Round "-"]
[White "pjbrito"]
[Black "GB1992"]
[Result "0-1"]
[WhiteElo "1502"]
[BlackElo "2153"]

1. e4 c5 2. Nc3 Nc6 3. Nf3 d6 4. Bb5 Bd7 5. d4 cxd4 6. Nxd4 Nf6 7. f3 a6 8. Nxc6
bxc6 9. Bc4 Qb6 10. Na4 Qb4+ 11. Bd2 Qxa4 12. Bb3 Qb5 13. Qe2 Qxe2+ 14. Kxe2 g6
15. Rad1 Bg7 16. Bg5 Be6 17. Bxe6 fxe6 18. e5 dxe5 19. Rd2 Kf7 20. c4 Rad8 21.
Rhd1 Rxd2+ 22. Bxd2 Rd8 23. Bb4 Rxd1 24. Kxd1 e4 25. f4 Ng4 26. h3 Ne3+ 27. Kc1
Nxc4 28. b3 Nb6 29. g4 Nd5 30. Bd2 e3 31. Be1 Nxf4 32. Kc2 Ng2 33. Bg3 e2 34.
Kd2 e1=Q+ 35. Bxe1 Nxe1 36. Kxe1 Kf6 37. Kf2 Ke5 38. Ke3 Kd5 39. Kd3 e5 40. a4
e4+ 41. Ke3 Bh6+ 42. Ke2 Kd4 43. h4 Bf4 44. Kf2 Kd3 45. b4 e3+ 46. Kf3 e2 47.
Kxf4 e1=Q 48. Kg5 Qe3# 0-1

[Event "Let's Play Chess!"]
[Site "http://www.queenalice.com/game.php?id=1230557"]
[Date "2013.11.7"]
[Round "-"]
[White "GB1992"]
[Black "charles31"]
[Result "1-0"]
[WhiteElo "2118"]
[BlackElo "1776"]

1. d4 d5 2. c4 dxc4 3. Nc3 a6 4. e4 e6 5. Bxc4 Bd7 6. Nf3 h6 7. O-O c6 8. Bf4 g5
9. Be5 f6 10. Bg3 h5 11. h3 Ne7 12. Qb3 b5 13. Bxe6 g4 14. Bf7# 1-0

[Event "Let's Play Chess!"]
[Site "http://www.queenalice.com/game.php?id=1230562"]
[Date "2013.11.7"]
[Round "-"]
[White "charles31"]
[Black "GB1992"]
[Result "0-1"]
[WhiteElo "1765"]
[BlackElo "2121"]

1. Nf3 d5 2. d4 Nf6 3. h3 e6 4. Bg5 Be7 5. e3 O-O 6. g4 c5 7. dxc5 Bxc5 8. Bd3
Nc6 9. a3 Bd7 10. Nc3 Be7 11. Bxf6 Bxf6 12. h4 Qc7 13. Qd2 a6 14. g5 Be7 15. h5
Ne5 16. Nxe5 Qxe5 17. f4 Qc7 18. Qg2 Bc6 19. h6 g6 20. e4 Qxf4 21. Rg1 Qe3+ 22.
Qe2 Qxg1+ 0-1

[Event "Let's Play Chess!"]
[Site "http://www.queenalice.com/game.php?id=1231525"]
[Date "2013.11.11"]
[Round "-"]
[White "charles31"]
[Black "GB1992"]
[Result "0-1"]
[WhiteElo "1707"]
[BlackElo "2123"]

1. d4 d5 2. Nc3 Nf6 3. Nf3 g6 4. h3 Bg7 5. Bg5 O-O 6. g4 Nbd7 7. Qd2 e6 8. Ne5
a6 9. f3 Qe8 10. Bxf6 Bxf6 11. Nxd7 Bh4+ 12. Kd1 Bxd7 13. g5 Qe7 14. f4 f6 15.
gxf6 Bxf6 16. e3 c5 17. dxc5 Qxc5 18. Bd3 Rac8 19. a3 Bc6 20. h4 d4 21. Ne4 Bxe4
22. Bxe4 dxe3 23. Qe2 Bxb2 24. Rb1 Rcd8+ 25. Bd3 Qd4 26. Rf1 b5 27. h5 Bxa3 28.
hxg6 hxg6 29. Rb3 Qa1+ 0-1

[Event "Let's Play Chess!"]
[Site "http://www.queenalice.com/game.php?id=1231532"]
[Date "2013.11.11"]
[Round "-"]
[White "GB1992"]
[Black "charles31"]
[Result "1-0"]
[WhiteElo "2123"]
[BlackElo "1707"]

1. d4 d5 2. c4 dxc4 3. Nc3 a6 4. e4 b5 5. Nf3 e6 6. Be2 Bb4 7. O-O c6 8. Bg5 f6
9. Be3 Ne7 10. e5 Ng6 11. exf6 Qxf6 12. a4 Bd7 13. Ne4 Qe7 14. Bg5 Qf8 15. axb5
cxb5 16. d5 e5 17. Bd2 Bxd2 18. Qxd2 Bf5 19. Nc3 Qd6 20. Nxb5 Qc5 21. Na3 Nd7
22. Nxc4 Be4 23. Ra5 Qe7 24. d6 Qe6 25. Ng5 Qf5 26. Nxe4 O-O 27. Qd5+ Kh8 28.
Ne3 Nb6 29. Qxa8 Rxa8 30. Nxf5 Nf8 31. Rxa6 Rxa6 32. Bxa6 g6 33. Ne7 1-0

[Event "AUTO-OPEN-2985"]
[Site "http://www.queenalice.com/game.php?id=1234353"]
[Date "2013.11.22"]
[Round "3"]
[White "Meauxchess"]
[Black "GB1992"]
[Result "1-0"]
[WhiteElo "2443"]
[BlackElo "2154"]

1. d4 Nf6 2. c4 g6 3. Nc3 Bg7 4. Nf3 d6 5. h3 O-O 6. g4 c5 7. Bg2 Nbd7 8. Be3 a6
9. dxc5 dxc5 10. Qd2 e5 11. Rd1 Qc7 12. g5 Nh5 13. Nd5 Qd8 14. Qc1 Qa5+ 15. Qd2
Qd8 16. Nh2 Rb8 17. Bf3 b5 18. Bxh5 gxh5 19. Nf6+ Bxf6 20. gxf6 Qxf6 21. Bh6 Kh8
22. Bxf8 Nxf8 23. Qd8 Qxd8 24. Rxd8 Kg7 25. Rg1+ Ng6 26. cxb5 axb5 27. Nf1 Kf6
28. Re8 Ra8 29. Ng3 1-0

[Event "AUTO-OPEN-2985"]
[Site "http://www.queenalice.com/game.php?id=1234354"]
[Date "2013.11.22"]
[Round "3"]
[White "GB1992"]
[Black "Meauxchess"]
[Result "0-1"]
[WhiteElo "2157"]
[BlackElo "2441"]

1. e4 e5 2. Nf3 Nc6 3. Bb5 Nd4 4. Nxd4 exd4 5. O-O c6 6. Bc4 d5 7. exd5 cxd5 8.
Qe2+ Be7 9. Bb3 Nf6 10. Re1 Kf8 11. d3 Be6 12. Qe5 Ng4 13. Qe2 Qc7 14. g3 h5 15.
Qf3 Ne5 16. Qg2 Bf6 17. Bf4 Qa5 18. Nd2 Ng6 19. Bd6+ Kg8 20. Nf3 Rd8 21. Be5
Nxe5 22. Nxe5 Qb6 23. Qf3 a5 24. a4 h4 25. Qe2 Re8 26. Ng4 Be7 27. Qf3 Rd8 28.
Qf4 Rh5 0-1

[Event "Let's Play Chess!"]
[Site "http://www.queenalice.com/game.php?id=1234598"]
[Date "2013.11.23"]
[Round "-"]
[White "paolop69"]
[Black "GB1992"]
[Result "0-1"]
[WhiteElo "1632"]
[BlackElo "2153"]

1. e4 e5 2. a3 Nf6 3. d3 d5 4. Nd2 Bc5 5. Be2 Nc6 6. c3 O-O 7. h3 dxe4 8. Nxe4
Nxe4 9. dxe4 Qh4 10. g3 Qxe4 11. f3 Qg6 12. g4 Qf6 13. h4 Qe7 14. Qc2 Bxg1 15.
Bd2 Bb6 16. O-O-O Be6 17. Bd3 g6 18. Bh6 Rfe8 19. h5 Qf6 20. Qd2 Qxf3 21. Be2
Qe4 22. Qd3 Qxd3 23. Bxd3 Bxg4 24. Rd2 Bxh5 25. Bb5 Bf3 26. Rf1 e4 27. Bc4 Rad8
28. Rxd8 Rxd8 29. Bb3 Ne5 30. Bd1 Bxd1 31. Rxd1 Rxd1+ 32. Kxd1 Nc4 33. Kc2 e3
34. b3 Nxa3+ 35. Kd3 Nb1 36. Bxe3 Bxe3 37. Kxe3 Nxc3 38. Kd4 h5 39. Kxc3 h4 40.
Kd3 h3 41. Ke3 h2 42. Kf2 h1=Q 43. b4 g5 44. b5 g4 45. Kg3 Qf3+ 46. Kh2 g3+ 47.
Kg1 Qf2+ 48. Kh1 Qh2# 0-1

[Event "Let's Play Chess!"]
[Site "http://www.queenalice.com/game.php?id=1242221"]
[Date "2013.12.23"]
[Round "-"]
[White "novoselic"]
[Black "GB1992"]
[Result "1-0"]
[WhiteElo "1286"]
[BlackElo "2157"]

1. e4 c6 2. d4 d5 3. Nc3 dxe4 4. Nxe4 Bf5 5. Ng3 Bg6 6. Nf3 Nd7 7. Bd3 Bxd3 8.
Qxd3 Ngf6 9. Bd2 e6 10. O-O-O Be7 11. h4 O-O 12. Ng5 Qc7 13. N3e4 Rfd8 14. Nxf7
Kxf7 15. Ng5+ Kg8 16. Nxe6 Qd6 17. Nxd8 Rxd8 18. f3 Nb6 19. Rhe1 Nbd5 20. c4 Nb4
21. Qb3 Qc7 22. Bxb4 1-0